<?xml version="1.0" encoding="UTF-8"?>
<record
    xmlns:xsi="http://www.w3.org/2001/XMLSchema-instance"
    xsi:schemaLocation="http://www.loc.gov/MARC21/slim http://www.loc.gov/standards/marcxml/schema/MARC21slim.xsd"
    xmlns="http://www.loc.gov/MARC21/slim">

  <leader>04453nam a22005657a 4500</leader>
  <controlfield tag="005">20090120140859.0</controlfield>
  <controlfield tag="008">090120t        xxu||||| |||| 00| 0 eng d</controlfield>
  <datafield tag="010" ind1=" " ind2=" ">
    <subfield code="a">B-358999</subfield>
  </datafield>
  <datafield tag="020" ind1=" " ind2=" ">
    <subfield code="a">0060788275 </subfield>
    <subfield code="c">250.00,     179.00</subfield>
  </datafield>
  <datafield tag="020" ind1=" " ind2=" ">
    <subfield code="a">9780060788278 </subfield>
    <subfield code="c">250.00,     179.00</subfield>
  </datafield>
  <datafield tag="035" ind1=" " ind2=" ">
    <subfield code="a">B-358999</subfield>
  </datafield>
  <datafield tag="035" ind1=" " ind2=" ">
    <subfield code="a">B-336017-030</subfield>
  </datafield>
  <datafield tag="037" ind1=" " ind2=" ">
    <subfield code="b">Blue Berry</subfield>
  </datafield>
  <datafield tag="040" ind1=" " ind2=" ">
    <subfield code="a">dpl</subfield>
    <subfield code="b">English</subfield>
  </datafield>
  <datafield tag="082" ind1=" " ind2=" ">
    <subfield code="a">S</subfield>
  </datafield>
  <datafield tag="100" ind1=" " ind2=" ">
    <subfield code="a">Stine, R. L.</subfield>
  </datafield>
  <datafield tag="245" ind1=" " ind2=" ">
    <subfield code="a">The rottenest angel /</subfield>
    <subfield code="c">by R.L. Stine ; illustrated by Trip Park</subfield>
  </datafield>
  <datafield tag="250" ind1=" " ind2=" ">
    <subfield code="a">1st ed.</subfield>
  </datafield>
  <datafield tag="260" ind1=" " ind2=" ">
    <subfield code="a">New York </subfield>
    <subfield code="b">HarperCollins</subfield>
    <subfield code="c">c2007</subfield>
  </datafield>
  <datafield tag="270" ind1=" " ind2=" ">
    <subfield code="a">1350 Avenue of the Americas</subfield>
    <subfield code="b">New York </subfield>
    <subfield code="e">NY 10019</subfield>
  </datafield>
  <datafield tag="300" ind1=" " ind2=" ">
    <subfield code="a">112, 4 p. :</subfield>
    <subfield code="b">ill., map </subfield>
    <subfield code="c">22 cm.(Hb)</subfield>
  </datafield>
  <datafield tag="490" ind1=" " ind2=" ">
    <subfield code="a">Rotten School ; 10</subfield>
  </datafield>
  <datafield tag="500" ind1=" " ind2=" ">
    <subfield code="a">"A Parachute Press book."</subfield>
  </datafield>
  <datafield tag="500" ind1=" " ind2=" ">
    <subfield code="a">Includes an excerpt from book #11, Punk'd and skunked.</subfield>
  </datafield>
  <datafield tag="520" ind1=" " ind2=" ">
    <subfield code="a">Everyone at Rotten School loves new student Angel Goodeboy. But as Bernie Bridges discovers, when the teachers aren't watching, his new roommate is no angel.</subfield>
  </datafield>
  <datafield tag="650" ind1=" " ind2=" ">
    <subfield code="a">Boarding schools</subfield>
    <subfield code="v">Juvenile fiction.</subfield>
  </datafield>
  <datafield tag="650" ind1=" " ind2=" ">
    <subfield code="a">Boarding school students</subfield>
    <subfield code="v">Juvenile fiction.</subfield>
  </datafield>
  <datafield tag="650" ind1=" " ind2=" ">
    <subfield code="a">Schools</subfield>
    <subfield code="v">Juvenile fiction.</subfield>
  </datafield>
  <datafield tag="700" ind1=" " ind2=" ">
    <subfield code="a">Park, Trip</subfield>
  </datafield>
  <datafield tag="800" ind1=" " ind2=" ">
    <subfield code="a">Stine, R. L.</subfield>
    <subfield code="t">Rotten School ;</subfield>
    <subfield code="v">10.</subfield>
  </datafield>
  <datafield tag="942" ind1=" " ind2=" ">
    <subfield code="2">ddc</subfield>
    <subfield code="c">CH</subfield>
    <subfield code="h">S</subfield>
    <subfield code="m">STI</subfield>
  </datafield>
  <datafield tag="999" ind1=" " ind2=" ">
    <subfield code="c">21656</subfield>
    <subfield code="d">21656</subfield>
  </datafield>
  <datafield tag="952" ind1=" " ind2=" ">
    <subfield code="0">0</subfield>
    <subfield code="1">0</subfield>
    <subfield code="2">ddc</subfield>
    <subfield code="4">0</subfield>
    <subfield code="7">0</subfield>
    <subfield code="8">FIC</subfield>
    <subfield code="a">JP</subfield>
    <subfield code="b">JP</subfield>
    <subfield code="d">2009-10-03</subfield>
    <subfield code="e">Blue Berry/5290/15.9.09/82/2.9.09/24.9.09</subfield>
    <subfield code="g">179.00</subfield>
    <subfield code="l">35</subfield>
    <subfield code="m">4</subfield>
    <subfield code="o">S STI</subfield>
    <subfield code="p">B-358999</subfield>
    <subfield code="r">2024-06-04 00:00:00</subfield>
    <subfield code="s">2024-04-27</subfield>
    <subfield code="t">1</subfield>
    <subfield code="v">179.00</subfield>
    <subfield code="w">2009-10-03</subfield>
    <subfield code="y">CH</subfield>
  </datafield>
  <datafield tag="952" ind1=" " ind2=" ">
    <subfield code="0">0</subfield>
    <subfield code="1">0</subfield>
    <subfield code="2">ddc</subfield>
    <subfield code="4">0</subfield>
    <subfield code="7">0</subfield>
    <subfield code="8">FIC</subfield>
    <subfield code="a">M</subfield>
    <subfield code="b">M</subfield>
    <subfield code="d">2010-05-13</subfield>
    <subfield code="e">Blueberry/5146/26.05.09/9/22.04.09/07.08.09</subfield>
    <subfield code="g">250.00</subfield>
    <subfield code="l">0</subfield>
    <subfield code="o">S STI</subfield>
    <subfield code="p">B-336017</subfield>
    <subfield code="r">2010-05-13 00:00:00</subfield>
    <subfield code="t">2</subfield>
    <subfield code="v">250.00</subfield>
    <subfield code="w">2010-05-13</subfield>
    <subfield code="y">CH</subfield>
  </datafield>
  <datafield tag="952" ind1=" " ind2=" ">
    <subfield code="0">0</subfield>
    <subfield code="1">0</subfield>
    <subfield code="2">ddc</subfield>
    <subfield code="4">0</subfield>
    <subfield code="7">0</subfield>
    <subfield code="8">FIC</subfield>
    <subfield code="a">M</subfield>
    <subfield code="b">M</subfield>
    <subfield code="d">2010-05-14</subfield>
    <subfield code="e">Blueberry/5146/26.05.09/9/22.04.09/07.08.09</subfield>
    <subfield code="g">250.00</subfield>
    <subfield code="l">0</subfield>
    <subfield code="o">S STI</subfield>
    <subfield code="p">B-336018</subfield>
    <subfield code="r">2010-05-14 00:00:00</subfield>
    <subfield code="t">2</subfield>
    <subfield code="v">250.00</subfield>
    <subfield code="w">2010-05-14</subfield>
    <subfield code="y">CH</subfield>
  </datafield>
  <datafield tag="952" ind1=" " ind2=" ">
    <subfield code="0">0</subfield>
    <subfield code="1">0</subfield>
    <subfield code="2">ddc</subfield>
    <subfield code="4">0</subfield>
    <subfield code="7">0</subfield>
    <subfield code="8">FIC</subfield>
    <subfield code="a">NPL</subfield>
    <subfield code="b">NPL</subfield>
    <subfield code="d">2010-05-14</subfield>
    <subfield code="e">Blueberry/5146/26.05.09/9/22.04.09/07.08.09</subfield>
    <subfield code="g">250.00</subfield>
    <subfield code="l">0</subfield>
    <subfield code="o">S STI</subfield>
    <subfield code="p">B-336019</subfield>
    <subfield code="r">2010-05-14 00:00:00</subfield>
    <subfield code="t">1</subfield>
    <subfield code="v">250.00</subfield>
    <subfield code="w">2010-05-14</subfield>
    <subfield code="y">CH</subfield>
  </datafield>
  <datafield tag="952" ind1=" " ind2=" ">
    <subfield code="0">0</subfield>
    <subfield code="1">0</subfield>
    <subfield code="2">ddc</subfield>
    <subfield code="4">0</subfield>
    <subfield code="7">0</subfield>
    <subfield code="8">FIC</subfield>
    <subfield code="a">L</subfield>
    <subfield code="b">L</subfield>
    <subfield code="d">2010-05-14</subfield>
    <subfield code="e">Blueberry/5146/26.05.09/9/22.04.09/07.08.09</subfield>
    <subfield code="g">250.00</subfield>
    <subfield code="l">2</subfield>
    <subfield code="o">S STI</subfield>
    <subfield code="p">B-336020</subfield>
    <subfield code="r">2024-03-21 00:00:00</subfield>
    <subfield code="s">2024-03-09</subfield>
    <subfield code="t">1</subfield>
    <subfield code="v">250.00</subfield>
    <subfield code="w">2010-05-14</subfield>
    <subfield code="y">CH</subfield>
  </datafield>
  <datafield tag="952" ind1=" " ind2=" ">
    <subfield code="0">0</subfield>
    <subfield code="1">0</subfield>
    <subfield code="2">ddc</subfield>
    <subfield code="4">0</subfield>
    <subfield code="7">0</subfield>
    <subfield code="8">FIC</subfield>
    <subfield code="a">BL1</subfield>
    <subfield code="b">BL1</subfield>
    <subfield code="d">2010-05-14</subfield>
    <subfield code="e">Blueberry/5146/26.05.09/9/22.04.09/07.08.09</subfield>
    <subfield code="g">250.00</subfield>
    <subfield code="l">1</subfield>
    <subfield code="o">S STI</subfield>
    <subfield code="p">B-336021</subfield>
    <subfield code="r">2019-04-05 00:00:00</subfield>
    <subfield code="s">2019-03-22</subfield>
    <subfield code="t">1</subfield>
    <subfield code="v">250.00</subfield>
    <subfield code="w">2010-05-14</subfield>
    <subfield code="y">CH</subfield>
  </datafield>
  <datafield tag="952" ind1=" " ind2=" ">
    <subfield code="0">0</subfield>
    <subfield code="1">0</subfield>
    <subfield code="2">ddc</subfield>
    <subfield code="4">0</subfield>
    <subfield code="7">0</subfield>
    <subfield code="8">FIC</subfield>
    <subfield code="a">PR</subfield>
    <subfield code="b">PR</subfield>
    <subfield code="d">2010-05-14</subfield>
    <subfield code="e">Blueberry/5146/26.05.09/9/22.04.09/07.08.09</subfield>
    <subfield code="g">250.00</subfield>
    <subfield code="l">1</subfield>
    <subfield code="o">S STI</subfield>
    <subfield code="p">B-336022</subfield>
    <subfield code="r">2022-02-05 00:00:00</subfield>
    <subfield code="s">2022-01-21</subfield>
    <subfield code="t">1</subfield>
    <subfield code="v">250.00</subfield>
    <subfield code="w">2010-05-14</subfield>
    <subfield code="y">CH</subfield>
  </datafield>
  <datafield tag="952" ind1=" " ind2=" ">
    <subfield code="0">0</subfield>
    <subfield code="1">0</subfield>
    <subfield code="2">ddc</subfield>
    <subfield code="4">0</subfield>
    <subfield code="7">0</subfield>
    <subfield code="8">FIC</subfield>
    <subfield code="a">ZLS</subfield>
    <subfield code="b">ZLS</subfield>
    <subfield code="d">2010-05-14</subfield>
    <subfield code="e">Blueberry/5146/26.05.09/9/22.04.09/07.08.09</subfield>
    <subfield code="g">250.00</subfield>
    <subfield code="l">1</subfield>
    <subfield code="o">S STI</subfield>
    <subfield code="p">B-336023</subfield>
    <subfield code="r">2018-12-18 00:00:00</subfield>
    <subfield code="s">2018-12-14</subfield>
    <subfield code="t">1</subfield>
    <subfield code="v">250.00</subfield>
    <subfield code="w">2010-05-14</subfield>
    <subfield code="y">CH</subfield>
  </datafield>
  <datafield tag="952" ind1=" " ind2=" ">
    <subfield code="0">0</subfield>
    <subfield code="1">0</subfield>
    <subfield code="2">ddc</subfield>
    <subfield code="4">0</subfield>
    <subfield code="7">0</subfield>
    <subfield code="8">FIC</subfield>
    <subfield code="a">ZLS</subfield>
    <subfield code="b">ZLS</subfield>
    <subfield code="d">2010-05-14</subfield>
    <subfield code="e">Blueberry/5146/26.05.09/9/22.04.09/07.08.09</subfield>
    <subfield code="g">250.00</subfield>
    <subfield code="l">5</subfield>
    <subfield code="m">2</subfield>
    <subfield code="o">S STI</subfield>
    <subfield code="p">B-336024</subfield>
    <subfield code="r">2026-03-18 00:00:00</subfield>
    <subfield code="s">2026-03-06</subfield>
    <subfield code="t">1</subfield>
    <subfield code="v">250.00</subfield>
    <subfield code="y">CH</subfield>
  </datafield>
  <datafield tag="952" ind1=" " ind2=" ">
    <subfield code="0">0</subfield>
    <subfield code="1">0</subfield>
    <subfield code="2">ddc</subfield>
    <subfield code="4">0</subfield>
    <subfield code="7">0</subfield>
    <subfield code="8">FIC</subfield>
    <subfield code="a">VP</subfield>
    <subfield code="b">VP</subfield>
    <subfield code="d">2010-05-14</subfield>
    <subfield code="e">Blueberry/5146/26.05.09/9/22.04.09/07.08.09</subfield>
    <subfield code="g">250.00</subfield>
    <subfield code="l">10</subfield>
    <subfield code="o">S STI</subfield>
    <subfield code="p">B-336025</subfield>
    <subfield code="r">2016-03-05 00:00:00</subfield>
    <subfield code="s">2016-02-19</subfield>
    <subfield code="t">1</subfield>
    <subfield code="v">250.00</subfield>
    <subfield code="w">2010-05-14</subfield>
    <subfield code="y">CH</subfield>
  </datafield>
  <datafield tag="952" ind1=" " ind2=" ">
    <subfield code="0">0</subfield>
    <subfield code="1">0</subfield>
    <subfield code="2">ddc</subfield>
    <subfield code="4">0</subfield>
    <subfield code="7">0</subfield>
    <subfield code="8">FIC</subfield>
    <subfield code="a">BL3</subfield>
    <subfield code="b">BL3</subfield>
    <subfield code="d">2010-05-14</subfield>
    <subfield code="e">Blueberry/5146/26.05.09/9/22.04.09/07.08.09</subfield>
    <subfield code="g">250.00</subfield>
    <subfield code="l">0</subfield>
    <subfield code="o">S STI</subfield>
    <subfield code="p">B-336026</subfield>
    <subfield code="r">2010-05-14 00:00:00</subfield>
    <subfield code="t">1</subfield>
    <subfield code="v">250.00</subfield>
    <subfield code="w">2010-05-14</subfield>
    <subfield code="y">CH</subfield>
  </datafield>
  <datafield tag="952" ind1=" " ind2=" ">
    <subfield code="0">0</subfield>
    <subfield code="1">0</subfield>
    <subfield code="2">ddc</subfield>
    <subfield code="4">0</subfield>
    <subfield code="7">0</subfield>
    <subfield code="8">FIC</subfield>
    <subfield code="a">NR</subfield>
    <subfield code="b">NR</subfield>
    <subfield code="d">2010-05-14</subfield>
    <subfield code="e">Blueberry/5146/26.05.09/9/22.04.09/07.08.09</subfield>
    <subfield code="g">250.00</subfield>
    <subfield code="l">0</subfield>
    <subfield code="o">S STI</subfield>
    <subfield code="p">B-336027</subfield>
    <subfield code="r">2010-05-14 00:00:00</subfield>
    <subfield code="t">1</subfield>
    <subfield code="v">250.00</subfield>
    <subfield code="w">2010-05-14</subfield>
    <subfield code="y">CH</subfield>
  </datafield>
  <datafield tag="952" ind1=" " ind2=" ">
    <subfield code="0">0</subfield>
    <subfield code="1">0</subfield>
    <subfield code="2">ddc</subfield>
    <subfield code="4">0</subfield>
    <subfield code="7">0</subfield>
    <subfield code="8">FIC</subfield>
    <subfield code="a">BN</subfield>
    <subfield code="b">BN</subfield>
    <subfield code="d">2010-05-14</subfield>
    <subfield code="e">Blueberry/5146/26.05.09/9/22.04.09/07.08.09</subfield>
    <subfield code="g">250.00</subfield>
    <subfield code="l">0</subfield>
    <subfield code="o">S STI</subfield>
    <subfield code="p">B-336028</subfield>
    <subfield code="r">2010-05-14 00:00:00</subfield>
    <subfield code="t">1</subfield>
    <subfield code="v">250.00</subfield>
    <subfield code="w">2010-05-14</subfield>
    <subfield code="y">CH</subfield>
  </datafield>
  <datafield tag="952" ind1=" " ind2=" ">
    <subfield code="0">0</subfield>
    <subfield code="1">0</subfield>
    <subfield code="2">ddc</subfield>
    <subfield code="4">0</subfield>
    <subfield code="7">0</subfield>
    <subfield code="8">FIC</subfield>
    <subfield code="a">BL4</subfield>
    <subfield code="b">BL4</subfield>
    <subfield code="d">2010-05-14</subfield>
    <subfield code="e">Blueberry/5146/26.05.09/9/22.04.09/07.08.09</subfield>
    <subfield code="g">250.00</subfield>
    <subfield code="l">4</subfield>
    <subfield code="o">S STI</subfield>
    <subfield code="p">B-336029</subfield>
    <subfield code="r">2019-06-30 00:00:00</subfield>
    <subfield code="s">2019-06-15</subfield>
    <subfield code="t">1</subfield>
    <subfield code="v">250.00</subfield>
    <subfield code="w">2010-05-14</subfield>
    <subfield code="y">CH</subfield>
  </datafield>
  <datafield tag="952" ind1=" " ind2=" ">
    <subfield code="0">0</subfield>
    <subfield code="1">0</subfield>
    <subfield code="2">ddc</subfield>
    <subfield code="4">0</subfield>
    <subfield code="7">0</subfield>
    <subfield code="8">FIC</subfield>
    <subfield code="a">YV</subfield>
    <subfield code="b">YV</subfield>
    <subfield code="d">2010-05-14</subfield>
    <subfield code="e">Blueberry/5146/26.05.09/9/22.04.09/07.08.09</subfield>
    <subfield code="g">250.00</subfield>
    <subfield code="l">2</subfield>
    <subfield code="o">S STI</subfield>
    <subfield code="p">B-336030</subfield>
    <subfield code="r">2024-06-08 00:00:00</subfield>
    <subfield code="s">2024-05-24</subfield>
    <subfield code="t">1</subfield>
    <subfield code="v">250.00</subfield>
    <subfield code="w">2010-05-14</subfield>
    <subfield code="y">CH</subfield>
  </datafield>
</record>
